Champ fleury

Uloženo v:
Podrobná bibliografie
Hlavní autor: Tory, Geofroy (Autor)
Médium: Kniha
Jazyk:angličtina
Vydáno: Nueva York Dover 1967
Témata:
Tagy: Přidat tag
Žádné tagy, Buďte první, kdo vytvoří štítek k tomuto záznamu!

MARC

LEADER 00000nam a2200000 a 4500
001 UCV9112
003 CL-VaPUC
008 920513e19670000US |||||||||||||||||eng|d
082 0 4 |a 686.224  |b TOR  |2 21 
100 0 |a Tory, Geofroy  |e author  |9 303110 
245 1 0 |a Champ fleury 
300 |a 208 p 
942 |c BK 
945 |d 19920513 00:00:00 
260 |a Nueva York  |b Dover  |c 1967 
650 7 |a LETRAS ORNAMENTALES  |2 CL-VaPUC  |9 303111 
583 |a last modification  |c 19920513 00:00:00  |k Rodrigo Vera 
999 |c 214500  |d 214498 
952 |0 0  |1 0  |4 0  |6 686_224000000000000_TOR_1967  |7 0  |8 A  |9 197914  |a BIBARQ  |b BIBARQ  |d 2019-11-14  |i 2655438  |o 686.224 TOR 1967  |p 2655438  |r 2025-01-20  |w 2019-11-14  |y BK  |k ARQ